Numerical Analysis 7th ed. (Record no. 564183)
[ view plain ]
| 000 -LEADER | |
|---|---|
| fixed length control field | 00335nam a2200133Ia 4500 |
| 008 - FIXED-LENGTH DATA ELEMENTS--GENERAL INFORMATION | |
| fixed length control field | 210430s9999 xx 000 0 und d |
| 082 ## - DEWEY DECIMAL CLASSIFICATION NUMBER | |
| Classification number | 519 B 945 N |
| 100 ## - MAIN ENTRY--PERSONAL NAME | |
| Personal name | Richard L.Burden |
| 245 ## - TITLE STATEMENT | |
| Title | Numerical Analysis 7th ed. |
| Statement of responsibility, etc. | Richard L.Burden |
| 250 ## - EDITION STATEMENT | |
| Edition statement | 7th |
| 260 ## - PUBLICATION, DISTRIBUTION, ETC. | |
| Place of publication, distribution, etc. | New delhi |
| Name of publisher, distributor, etc. | Cole |
| Date of publication, distribution, etc. | 2001 |
| 300 ## - PHYSICAL DESCRIPTION | |
| Extent | 841p |
| 942 ## - ADDED ENTRY ELEMENTS (KOHA) | |
| Koha item type | Book |
| Source of classification or shelving scheme | |
| Withdrawn status | Lost status | Damaged status | Not for loan | Collection code | Permanent Location | Current Location | Shelving location | Date acquired | Total Checkouts | Total Renewals | Full call number | Barcode | Date last seen | Date last checked out | Price effective from | Koha item type |
|---|---|---|---|---|---|---|---|---|---|---|---|---|---|---|---|---|
| School of Chemical & Materials Engineering (SCME) | School of Chemical & Materials Engineering (SCME) | General Stacks | 12/11/7 | 1 | 2 | 519 B 945 N | SCME-3377 | 06/16/2022 | 02/24/2022 | 04/30/2021 | Book |
